Normal view
MARC view
- URDU ADAB-POETRY-RANG KHUSHBO ROSHNI
Entry Topical Term
001 - CONTROL NUMBER
- control field: 62992
003 - CONTROL NUMBER IDENTIFIER
- control field: NUST
005 - DATE AND TIME OF LATEST TRANSACTION
- control field: 20210628203037.0
008 - FIXED-LENGTH DATA ELEMENTS
- fixed length control field: 210628|| aca||aabn | a|a d
040 ## - CATALOGING SOURCE
- Original cataloging agency: NUST
- Transcribing agency: NUST
150 ## - HEADING--TOPICAL TERM
- Topical term or geographic name entry element: URDU ADAB-POETRY-RANG KHUSHBO ROSHNI
670 ## - SOURCE DATA FOUND
- Source citation: Work cat.: (NUST): Qateel Shafai 9756, Rang khushbo roshni , kuliyat e nazmain, 2009
